00239nam a2200085Ia 4500001000800000005001700008008004100025245005600066260003100122122925720250827093057.0250824s9999 xx 000 0 und d 0aİSKELET SAHİLİcCLIVE CUSSLER VE JACK DU BRUL bALTIN KİTAPLAR YAYINLARI